000 00197nam a2200085 4500
001 1241699
005 20251013123004.0
245 _aALİCE HARİKALAR DİYARINDA
_cLEWİS CARROL
260 _bİŞ BANKASI
999 _c1241699
_d1241699